British betrayal of the Africans : (Record no. 126113)
[ view plain ]
| 000 -LEADER | |
|---|---|
| fixed length control field | 01893cam a2200373 a 4500 |
| 001 - CONTROL NUMBER | |
| control field | 14219342 |
| 003 - CONTROL NUMBER IDENTIFIER | |
| control field | ARRUPE |
| 005 - DATE AND TIME OF LATEST TRANSACTION | |
| control field | 20170214113752.0 |
| 008 - FIXED-LENGTH DATA ELEMENTS--GENERAL INFORMATION | |
| fixed length control field | 060105s2001 rh b 000 0 eng d |
| 010 ## - LIBRARY OF CONGRESS CONTROL NUMBER | |
| LC control number | 2005325553 |
| 020 ## - INTERNATIONAL STANDARD BOOK NUMBER | |
| International Standard Book Number | 0797423117 |
| 035 ## - SYSTEM CONTROL NUMBER | |
| System control number | (OCoLC)ocm55794641 |
| 040 ## - CATALOGING SOURCE | |
| Original cataloging agency | FUG |
| Transcribing agency | FUG |
| Modifying agency | OCLCQ |
| -- | DLC |
| 042 ## - AUTHENTICATION CODE | |
| Authentication code | lccopycat |
| -- | lcode |
| 043 ## - GEOGRAPHIC AREA CODE | |
| Geographic area code | f-rh--- |
| 050 00 - LIBRARY OF CONGRESS CALL NUMBER | |
| Classification number | HD992.Z63 |
| Item number | C48 2001 |
| 300 ## - PHYSICAL DESCRIPTION | |
| Dimensions | 21 cm. |
| 100 1# - MAIN ENTRY--PERSONAL NAME | |
| Personal name | Chigwedere, A. S. |
| Fuller form of name | (Aeneas S.) |
| 9 (RLIN) | 23013 |
| 245 10 - TITLE STATEMENT | |
| Title | British betrayal of the Africans : |
| Remainder of title | land, cattle, human rights : case for Zimbabwe / |
| Statement of responsibility, etc | by Aeneas Chigwedere. |
| 246 30 - VARYING FORM OF TITLE | |
| Title proper/short title | Land, cattle, human rights : |
| Remainder of title | case for Zimbabwe |
| 260 ## - PUBLICATION, DISTRIBUTION, ETC. (IMPRINT) | |
| Place of publication, distribution, etc | Marondera [Zimbabwe] : |
| Name of publisher, distributor, etc | Mutapa Pub. House, |
| Date of publication, distribution, etc | 2001. |
| 300 ## - PHYSICAL DESCRIPTION | |
| Extent | vii, 51 p. ; |
| 504 ## - BIBLIOGRAPHY, ETC. NOTE | |
| Bibliography, etc | Includes bibliographical references (p. 51). |
| 505 0# - FORMATTED CONTENTS NOTE | |
| Formatted contents note | Introduction -- English political economy -- The Rudd Concession and Charter -- The Lippert Concession -- Seizure of land -- Seizure of cattle -- Human rights -- Concluding remarks. |
| 520 ## - SUMMARY, ETC. | |
| Summary, etc | Discusses the occupation and colonisation of Zimbabwe by the British and concludes that in the light of this history, the Zimbabwe Government owes nothing to the commercial farmers. Instead, it is argued that Britain owes the commercial farmers and that Zimbabwean Africans deserve reparations from Britain for the servitude they were subjected to for over 90 years. |
| 650 #0 - SUBJECT ADDED ENTRY--TOPICAL TERM | |
| Topical term or geographic name as entry element | Land reform |
| Geographic subdivision | Zimbabwe. |
| 9 (RLIN) | 11113 |
| 650 #0 - SUBJECT ADDED ENTRY--TOPICAL TERM | |
| Topical term or geographic name as entry element | Land tenure |
| General subdivision | Government policy |
| Geographic subdivision | Zimbabwe. |
| 9 (RLIN) | 28814 |
| 651 #0 - SUBJECT ADDED ENTRY--GEOGRAPHIC NAME | |
| Geographic name | Zimbabwe |
| General subdivision | Race relations. |
| 9 (RLIN) | 8885 |
| 651 #0 - SUBJECT ADDED ENTRY--GEOGRAPHIC NAME | |
| Geographic name | Zimbabwe |
| General subdivision | Foreign relations |
| Geographic subdivision | Great Britain. |
| 9 (RLIN) | 28815 |
| 651 #0 - SUBJECT ADDED ENTRY--GEOGRAPHIC NAME | |
| Geographic name | Great Britain |
| General subdivision | Foreign relations |
| Geographic subdivision | Zimbabwe. |
| 9 (RLIN) | 28816 |
| 651 #0 - SUBJECT ADDED ENTRY--GEOGRAPHIC NAME | |
| Geographic name | Zimbabwe |
| General subdivision | History |
| Chronological subdivision | 20th century. |
| 9 (RLIN) | 28817 |
| 906 ## - LOCAL DATA ELEMENT F, LDF (RLIN) | |
| a | 7 |
| b | cbc |
| c | copycat |
| d | 2 |
| e | ncip |
| f | 20 |
| g | y-gencatlg |
| 942 ## - ADDED ENTRY ELEMENTS (KOHA) | |
| Source of classification or shelving scheme | Library of Congress Classification |
| Koha item type | Monograph ( Printed materials) |
| Withdrawn status | Lost status | Source of classification or shelving scheme | Damaged status | Not for loan | Collection code | Home library | Current library | Shelving location | Date acquired | Total Checkouts | Full call number | Barcode | Date last seen | Date checked out | Price effective from | Koha item type |
|---|---|---|---|---|---|---|---|---|---|---|---|---|---|---|---|---|
| Library of Congress Classification | Main Collection | ARRUPE LIBRARY | ARRUPE LIBRARY | Main Collection | 14/02/2017 | 1 | HD992.Z63 C48 2001 | 46500023875 | 08/05/2018 | 06/02/2018 | 14/02/2017 | Monograph ( Printed materials) |